Statistics for Fancy - Iggy Azalea lyrics

Click here to take the quiz!

General Stats

  • This quiz has been taken 580 times
  • The average score is 224 of 405

Answer Stats

Answer% Correct
i
100%
i'm
98%
the
97%
a
95%
fancy
93%
in
93%
you
93%
so
92%
to
92%
LA
88%
tokyo
87%
already
85%
know
85%
from
84%
this
80%
fast
79%
lane
78%
do
76%
my
76%
it
73%
who
71%
first
68%
that
68%
let
67%
name
67%
thing's
67%
and
66%
on
66%
can't
65%
feel
65%
like
65%
taste
63%
want
61%
realest
60%
remember
60%
up
59%
whole
59%
world
59%
drop
58%
bitch
56%
blow
55%
just
55%
bad
54%
I G G Y
54%
down
53%
get
53%
gold
52%
we
51%
be
50%
physics
49%
of
48%
don't
47%
he
46%
lessons
46%
giving
45%
hold
45%
mini
45%
pick
45%
bar
44%
drunk
44%
knew
44%
still
44%
hot
43%
low
43%
no
43%
let's
42%
what
42%
should
40%
wrist
39%
back
38%
give
38%
hotel
38%
is
38%
thought
38%
ace
37%
baby
37%
'bout
37%
cup
37%
fuck
37%
could
36%
got
36%
trash
36%
yeah
36%
at
35%
bold
35%
good
35%
keep
35%
me
35%
money
35%
put
35%
turn
35%
high
34%
make
34%
goose
33%
said
33%
all
32%
bring
32%
getting
32%
heels
32%
88
31%
call
31%
touch
31%
never
30%
phone
30%
turning
30%
champagne
29%
feels
29%
if
29%
some
29%
truth
29%
flow
28%
haters
28%
retarded
28%
stand
28%
time
28%
bringing
27%
ticket
27%
chase
26%
girl
24%
how
24%
depart
23%
expensive
23%
spilling
23%
change
22%
classic
22%
cris
22%
does
22%
half
22%
throw
22%
way
22%
where
22%
with
22%
worth
22%
straight
21%
deluxe
20%
it's
20%
swinging
20%
chandelier
19%
now
19%
paper
19%
rooftop
19%
shop
19%
they
19%
working
19%
bass
18%
been
18%
decline
18%
honest
18%
liquor
18%
murda
18%
star
18%
swagger
18%
off
17%
taking
17%
asking
16%
bet
16%
department
16%
gotta
16%
line
16%
not
16%
rewind
16%
something
16%
stay
16%
wishing
16%
film
15%
love
15%
over
15%
you're
15%
bite
14%
look
14%
tell
14%
grind
13%
gun
13%
hands
13%
huh
13%
there
13%
clutch
12%
here
12%
hooks
12%
worry
12%
trigger
11%
bizness
10%
these
10%
much
8%
better
7%
hoes
7%
swear
7%
stuntin'
6%
super
6%
he's
5%
nothing
5%
slaying
5%
speak
5%
meant
4%

Score Distribution

Percentile by Number Answered

Percent of People with Each Score

Your Score History

You have not taken this quiz